01053 a2200193 45000010006000000050017000060080041000230030015000640400040000790800039001192450054001580200022002122640028002343000019002625050525002810410008008061000021008147000024008356052420260407155856.0260407a2011 arg spa dAR-UNSa-BCEJYS aAR-UNSa-BCEJYSbspacAR-UNSa-BCEJYS a37(09)xHistoria de la Educación10aEscritos sobre educaciónpselección de textos a978-987-26468-5-1 1aLa Plata :bUNIPEc2011 a169 p.c24 cm. a1. Manuel Belgrano: dilemas del pensamiento educativo de un ilustrado católico y revolucionario / Rafael S. Gagliano - 2. Escritos sobre educación. Selección de textos – 3. Autobiografía – 4. Medios generales de fomentar la agricultura, animar la industria y proteger el comercio en un país agricultor – 5. Memoria escrita por el Licenciado Manuel Belgrano, abogado de los reales consejos y secretario por su majestad del real consulado del virreinato de Buenos Aires en 1797 – 6. Correo de Comercio -  aspa1 aBelgrano, Manuel1 aGagliano, Rafael S.